A longa espera (Record no. 44865)

MARC details
000 -Etiqueta do registo
Valores 00571cam a22002051 04500
100 ## - Dados gerais de processamento
Dados gerais 19580801d1958 m y0pory5003 ba
101 1# - Língua de publicação
Língua por
102 ## - País de publicação
País PT
200 1# - Titulo e menção de responsabilidade
Título próprio A longa espera
Primeira menção de responsabilidade Mickey Spillane
Outras menções de responsabilidade trad. Almeida Campos
210 #9 - Publicação
Local de publicação Lisboa
Nome do editor Livros do Brasil,
Data de publicação [D.L. 1958]
215 ## - Descrição física 
Paginação / Volumes 293, [1] p.
Dimensões 16 cm
225 2# - Colecção 
Título próprio da colecção Vampiro
Indicação de volume 134
304 ## - Nota relativa ao título
Texto de nota Tít. orig. : The long wait
675 ## - CDU
Notação 821.111(73)-312.4"19"
Edição BN
Língua por
700 #1 - Autor principal
Apelido Spillane,
Nome Mickey,
702 #1 - Autor secundário
Apelido Campos,
Nome Luís de Almeida
Função 730
801 #0 - Fonte de origem
País PT
Agência BN
Regras de catalogação RPC
990 ## - Elementos KOHA
Tipo de documento Livro
Holdings
Aquisição Empréstimo Código de barras Cota Permissão de empréstimo Tipo de documento
Biblioteca Municipal de Redondo Biblioteca Municipal de Redondo 055037 821.111(73)-3 SPI   Livro

Powered by Koha